00750cam a22002291 4500001001300000003000400013005001700017008004100034010001700075035001900092040002700111042001200138043001200150050001700162110007000179245001200249260006600261300001700327505011900344650004000463999001700503sa 65003179 DLC20260227112121.0810924m19641969ii a 100 0 eng  asa 65003179  a(OCoLC)7787006 aDLCcNcGrEdNcGrEdDLC apremarc aa-ii---00aHD7051b.A581 aIndia.bCommittee on Distribution of Income and Levels of Living.00aReport. a[New Delhi]bGovt. of India, Planning Commission,c1964-1969. a2 v.c28 cm.0 apt. 1. Distribution of income and wealth and concentration of economic power.--pt. 2. Changes in levels of living. 0aCost and standard of livingzIndia. c63022d63022